Crouching dragon, hidden tiger : can China and India dominate the West? /

Bibliographic Details
Main Author: Jha, Prem Shankar
Format: Book
Language:English
Published: New York : Soft Skull Press : [2010]
Subjects:

MARC

Tag First Indicator Second Indicator Subfields
LEADER 00000cam a22000004a 4500
001 in00002538521
005 20151113132714.0
008 091106s2010 nyu b 000 0 eng
010 |a  2009045819 
020 |a 9781593762483 (alk. paper) 
020 |a 1593762488 (alk. paper) 
029 1 |a CDX  |b 9784534 
035 |a (OCoLC)ocn316026473 
035 |a (OCoLC)316026473 
040 |a DLC  |c DLC  |d BTCTA  |d C#P  |d CDX  |d YDXCP  |d UtOrBLW 
043 |a a-cc---  |a a-ii--- 
049 |a TXAM 
050 0 0 |a HC427.95  |b .J519 2010 
082 0 0 |a 337.510182/1  |2 22 
100 1 |a Jha, Prem Shankar. 
245 1 0 |a Crouching dragon, hidden tiger :  |b can China and India dominate the West? /  |c Prem Shankar Jha. 
264 1 |a New York :  |b Soft Skull Press :  |c [2010] 
264 2 |a New York :  |b Distributed by Publishers Group West, 
264 4 |c ©2010 
300 |a x, 405 pages ;  |c 21 cm. 
336 |a text  |b txt  |2 rdacontent 
337 |a unmediated  |b n  |2 rdamedia 
338 |a volume  |b nc  |2 rdacarrier 
504 |a Includes bibliographical references. 
651 0 |a China  |x Economic policy. 
651 0 |a India  |x Economic policy. 
651 0 |a China  |x Foreign economic relations. 
651 0 |a India  |x Foreign economic relations. 
938 |a Baker and Taylor  |b BTCP  |n BK0008230446 
938 |a Coutts Information Services  |b COUT  |n 9784534  |c 16.95 USD 
938 |a YBP Library Services  |b YANK  |n 3082779 
945 |a PromptCat  |b 872778 
946 |a stk 
947 |a A14840025097 
994 |a 92  |b TXA 
948 |a cataloged  |b h  |d 2010/1/13  |h c  |e asalazar  |f 1:48:49 pm 
999 |a MARS 
999 f f |s b8cf05a1-5145-3f7b-9eac-9665b11badf5  |i 6c6705af-12b2-3347-9a2f-6008acd73305  |t 0 
952 f f |p ric  |a Texas A&M University  |b Rellis Campus  |c Joint Library Facility  |d Remote Storage  |t 0  |e HC427.95 .J519 2010  |h Library of Congress classification  |i unmediated -- volume  |m A14840025097 
998 f f |a HC427.95 .J519 2010  |t 0  |l Remote Storage